000 02220 a2200373 4500
001 42552
005 20260407155714.0
008 260407a2017 arg spa d
003 AR-UNSa-BCEJYS
040 _aAR-UNSa-BCEJYS
_bspa
_cAR-UNSa-BCEJYS
080 _a336.2:323.17
_xFederalismo Fiscal
245 1 0 _aLa relación fiscal Nación-Provincias
_plo que se discute, lo que falta discutir
020 _a978-950-34-1457-6
264 1 _aLa Plata :
_bUniversidad Nacional de la Plata. Facultad de Ciencias Económicas
_c2017
300 _a222 p.
_c22 cm.
505 _a1. Los fallos de la CSJN sobre los reclamos provinciales de San Luis, Santa Fe y Córdoba por detracciones a la masa coparticipable y la confirmación de una jurisprudencia federalista / Antonio María Hernández - 2. Influencia de las elecciones y el alineamiento partidario en el federalismo fiscal / Pablo Garofalo, Daniel Lema y Jorge M. Streb - 3. Distribución de transferencias con distintos nivel de discrecionalidad en un contexto de centralización de fiscal y desnacionalización del sistema de partidos / Emilia Simison - 4. La distribución secundaria. anomalías en el equilibrio político-económico / Alberto Porto - 5. Relación fiscal Nación-Provincias: reformas realizadas en 2016 y temas pendientes para el futuro / Marcelo Capello / Vanesa Toselli - 6. "Un repaso de las opciones tributarias de los gobiernos subnacionales y del sistema de coparticipación en el actual escenario federal / Horacio L. P. Piffano - 7. Federalismo fiscal y gestión del desarrollo económico / Luis Rappoport/ Mario Sotuyo -
041 _aspa
942 _cBK
590 _aniveau_biblio:m niveau_hierar:0
100 1 _aCapello, Marcelo L.
700 1 _aRosales, Walter
700 1 _aGarriga, Marcelo
700 1 _aGarofalo, Pablo
700 1 _aHernández, Antonio María
700 1 _aLema, Daniel
700 1 _aPiffano, Horacio L. P.
700 1 _aPorto, Alberto
700 1 _aRappoport, Luis
700 1 _aSimison, Emilia
700 1 _aSotuyo, Mario
700 1 _aStreb, Jorge M.
700 1 _aToselli, Vanessa N.
856 4 1 _uhttps://biblioeco.unsa.edu.ar/pmb/images/libros/L126581.jpg
_yImagen de portada
_qimage/jpeg
999 _c3628
_d3628